[Event "32nd ECC Open 2016"]
[Site "Novi Sad SRB"]
[Date "2016.11.10"]
[Round "5.18"]
[Board "4"]
[White "Wild, Achim"]
[Black "Hove, Esben Kjems"]
[Result "1-0"]
[BlackTitle "FM"]
[WhiteElo "2230"]
[BlackElo "2279"]
[WhiteTeam "The Smashing Pawns Bieles"]
[BlackTeam "Skakklubben Nordkalotten"]
[WhiteFideId "4658728"]
[BlackFideId "1401505"]
[EventDate "2016.11.06"]

1. Nf3 d5 2. c4 c6 3. e3 Nf6 4. Nc3 Bf5 5. cxd5 cxd5 6. Qb3 Bc8 7. d4 e6 8. Bd3
Nc6 9. O-O Be7 10. Qd1 O-O 11. Bd2 b6 12. a3 Bb7 13. b4 a5 14. b5 Na7 15. Qb1
Nc8 16. Ne5 Nd6 17. Rc1 Rc8 18. Na4 Nc4 19. Nxc4 dxc4 20. Rxc4 Qd5 21. Qf1 Rxc4
22. Nxb6 Qxb5 23. Nxc4 Be4 24. Be2 a4 25. f3 Bc2 26. e4 Qb8 27. Qc1 Bb3 28. Na5
Bd6 29. e5 Rc8 30. Qe1 Bxe5 31. dxe5 Qxe5 32. Ba6 Qxe1+ 33. Rxe1 Rc2 34. Rc1 Nd5
35. Nxb3 axb3 36. Rxc2 bxc2 37. Bd3 1-0

[Event "32nd ECC Open 2016"]
[Site "Novi Sad SRB"]
[Date "2016.11.10"]
[Round "5.18"]
[Board "5"]
[White "Nielsen, Lars Aaes"]
[Black "Gengler, Pierre"]
[Result "1/2-1/2"]
[WhiteTitle "FM"]
[WhiteElo "2241"]
[BlackElo "2243"]
[WhiteTeam "Skakklubben Nordkalotten"]
[BlackTeam "The Smashing Pawns Bieles"]
[WhiteFideId "1401726"]
[BlackFideId "4000714"]
[EventDate "2016.11.06"]

1. e4 c5 2. c3 g6 3. d4 cxd4 4. cxd4 d5 5. exd5 Nf6 6. Bb5+ Bd7 7. Bc4 Bg7 8.
Nc3 O-O 9. Nf3 b5 10. Bxb5 Bxb5 11. Nxb5 Qa5+ 12. Nc3 Nxd5 13. O-O Nxc3 14. Qe1
Nc6 15. Qxc3 Qd5 16. Be3 Rfd8 17. Rfe1 Nxd4 18. Bxd4 Bxd4 19. Qxd4 Qxd4 20. Nxd4
Rxd4 21. Rxe7 Rd2 22. b4 a5 23. bxa5 Rxa5 24. g3 Raxa2 25. Rxa2 Rxa2 26. Kg2 Kg7
27. Rb7 h5 28. h4 Rc2 29. Ra7 Rb2 30. Rc7 Ra2 1/2-1/2

[Event "32nd ECC Open 2016"]
[Site "Novi Sad SRB"]
[Date "2016.11.10"]
[Round "5.18"]
[Board "6"]
[White "Jacques, Robert"]
[Black "Jakobsen, Peter"]
[Result "1/2-1/2"]
[BlackTitle "FM"]
[WhiteElo "2129"]
[BlackElo "2201"]
[WhiteTeam "The Smashing Pawns Bieles"]
[BlackTeam "Skakklubben Nordkalotten"]
[WhiteFideId "603643"]
[BlackFideId "1401440"]
[EventDate "2016.11.06"]

1. e4 c5 2. Nf3 d6 3. d4 cxd4 4. Nxd4 Nf6 5. Nc3 e6 6. g4 h6 7. Rg1 Be7 8. Be3
Nc6 9. Qe2 a6 10. O-O-O Qc7 11. f4 Nd7 12. Kb1 b5 13. Nxc6 Qxc6 14. Bg2 Bb7 15.
e5 d5 16. f5 Qc4 17. Bd4 Rc8 18. Qxc4 Rxc4 19. b3 Rxd4 20. Rxd4 Bc5 21. Ne2 Nxe5
22. Re1 Bxd4 23. Nxd4 Nxg4 24. fxe6 fxe6 25. Nxe6 Kf7 26. h3 Re8 27. Ng5+ hxg5
28. Rxe8 Kxe8 29. hxg4 Ke7 30. c4 bxc4 31. bxc4 Kd6 32. Kc2 Bc8 33. cxd5 Bxg4
34. Kd3 Bd1 35. Kd2 Bh5 36. Kd3 Bf7 37. Kd4 g4 38. Bf1 Bxd5 39. Bxa6 Bxa2 40.
Bb7 g5 41. Be4 Be6 42. Bg2 Bd7 43. Ke3 Ke5 44. Kf2 Kf4 45. Kg1 Bf5 46. Bd5 Be4
47. Bg8 Kg3 1/2-1/2

[Event "32nd ECC Open 2016"]
[Site "Novi Sad SRB"]
[Date "2016.11.10"]
[Round "5.19"]
[Board "1"]
[White "Antic, Dejan"]
[Black "Kazakovskiy, Valeriy"]
[Result "1/2-1/2"]
[WhiteTitle "GM"]
[BlackTitle "IM"]
[WhiteElo "2455"]
[BlackElo "2416"]
[WhiteTeam "Crvena Zvezda"]
[BlackTeam "Ezerelio Vaivorykste"]
[WhiteFideId "901008"]
[BlackFideId "13507443"]
[EventDate "2016.11.06"]

1. d4 Nf6 2. c4 e6 3. g3 Bb4+ 4. Bd2 Qe7 5. Bg2 Nc6 6. e3 e5 7. d5 Bxd2+ 8. Qxd2
Nb8 9. d6 Qxd6 10. Qxd6 cxd6 11. Nc3 Ke7 12. O-O-O Na6 13. Nge2 Nc7 14. h3 Rb8
15. g4 b5 16. g5 Nfe8 17. cxb5 Nxb5 18. Nd5+ Kd8 19. f4 Bb7 20. Rhf1 Bxd5 21.
Bxd5 f6 22. Ng3 Nbc7 23. Bb3 Rb6 24. Nf5 Rf8 25. h4 Ne6 26. Ng3 exf4 27. exf4
Rb4 28. Nf5 Nxf4 29. Nxd6 fxg5 30. Nf7+ Kc7 31. Nxg5 h6 32. Nf3 Ng2 33. Rxd7+
Kxd7 34. Ne5+ Ke7 35. Ng6+ Kd6 36. Rxf8 Nf6 37. Rd8+ Kc7 38. Ra8 Kb7 39. Rf8
Nxh4 40. Rf7+ Kb6 41. Ne7 Rg4 42. Nc8+ Kc5 43. Rxa7 Rg1+ 44. Kc2 Nf3 45. Ra5+
Kd4 46. Ra4+ Ke3 47. Nd6 Nd4+ 48. Kc3 Ne4+ 49. Nxe4 Rc1+ 50. Kb4 Kxe4 51. Ra8
Nxb3 52. Kxb3 g5 53. a4 g4 54. Rg8 Kf3 55. Rf8+ Ke3 56. Rg8 h5 57. a5 Ra1 58.
Kb4 Kf3 59. Rh8 g3 60. Rxh5 g2 61. Rg5 g1=Q 62. Rxg1 Rxg1 63. a6 Rg4+ 1/2-1/2

[Event "32nd ECC Open 2016"]
[Site "Novi Sad SRB"]
[Date "2016.11.10"]
[Round "5.19"]
[Board "2"]
[White "Sotsky, Alexander"]
[Black "Abramovic, Bosko"]
[Result "0-1"]
[WhiteTitle "IM"]
[BlackTitle "GM"]
[WhiteElo "2348"]
[BlackElo "2420"]
[WhiteTeam "Ezerelio Vaivorykste"]
[BlackTeam "Crvena Zvezda"]
[WhiteFideId "4130715"]
[BlackFideId "900206"]
[EventDate "2016.11.06"]

1. d4 d5 2. Nf3 c6 3. c3 Bf5 4. Bf4 Nf6 5. e3 e6 6. Nbd2 h6 7. h3 Nbd7 8. Be2
Be7 9. O-O O-O 10. c4 Ne4 11. Nxe4 Bxe4 12. a3 Bxf3 13. gxf3 dxc4 14. Bxc4 Nb6
15. Ba2 Bd6 16. Bxd6 Qxd6 17. f4 Nd5 18. Qf3 f5 19. Rac1 Rf6 20. Rc5 Kh8 21.
Rfc1 Rg8 22. Bxd5 exd5 23. b4 a6 24. a4 g5 25. fxg5 Rxg5+ 26. Kf1 f4 27. e4 dxe4
28. Qxe4 Re6 29. Qf3 Rg7 30. Rd1 Reg6 31. Rd2 Qe6 32. Re5 Qc4+ 33. Rd3 Qc1+ 34.
Ke2 Rg1 35. Re8+ Rg8 36. Rxg8+ Kxg8 37. Qh5 Qc2+ 0-1

[Event "32nd ECC Open 2016"]
[Site "Novi Sad SRB"]
[Date "2016.11.10"]
[Round "5.19"]
[Board "3"]
[White "Djuric, Stefan"]
[Black "Genutis, Mindaugas"]
[Result "1/2-1/2"]
[WhiteTitle "GM"]
[BlackTitle "FM"]
[WhiteElo "2418"]
[BlackElo "2310"]
[WhiteTeam "Crvena Zvezda"]
[BlackTeam "Ezerelio Vaivorykste"]
[WhiteFideId "900133"]
[BlackFideId "1407058"]
[EventDate "2016.11.06"]

1. e4 c5 2. Nf3 e6 3. Nc3 Nc6 4. Bb5 Nge7 5. O-O a6 6. Bxc6 Nxc6 7. d4 cxd4 8.
Nxd4 d6 9. Be3 Be7 10. Na4 Nxd4 11. Bxd4 O-O 12. Nb6 Rb8 13. a4 Bd7 14. Qg4 g6
15. a5 Bc6 16. Rfe1 e5 17. Bc3 f5 18. exf5 Rxf5 19. Qc4+ d5 20. Qb3 Qd6 21. Rad1
Rd8 22. Re2 Kf8 23. Bd2 Kg7 24. Qg3 Bf6 25. Qb3 d4 26. Bb4 Qc7 27. f3 Rh5 28. h3
Rf5 29. c4 Qf7 30. Qd3 Bg5 31. Bd2 Be7 32. b4 Bg5 33. b5 axb5 34. cxb5 e4 35.
Rxe4 Bxe4 36. fxe4 Re5 37. Bxg5 Rxg5 38. Nd5 Rdxd5 39. exd5 Qxd5 40. Qxd4+ Qxd4+
41. Rxd4 Rxb5 42. Rd7+ Kh6 1/2-1/2

[Event "32nd ECC Open 2016"]
[Site "Novi Sad SRB"]
[Date "2016.11.10"]
[Round "5.19"]
[Board "4"]
[White "Samsonov, Vyacheslav"]
[Black "Govedarica, Radovan"]
[Result "1/2-1/2"]
[BlackTitle "IM"]
[WhiteElo "2139"]
[BlackElo "2374"]
[WhiteTeam "Ezerelio Vaivorykste"]
[BlackTeam "Crvena Zvezda"]
[WhiteFideId "2806290"]
[BlackFideId "900630"]
[EventDate "2016.11.06"]

1. d4 Nf6 2. Bg5 e6 3. e3 c5 4. c3 Be7 5. Nd2 b6 6. Ngf3 Bb7 7. Bd3 O-O 8. O-O
h6 9. Bxf6 Bxf6 10. Ne4 Be7 11. Ng3 cxd4 12. cxd4 d6 13. Rc1 Nd7 14. Qa4 a6 15.
Bb1 Rc8 16. Qb3 Re8 17. Rfd1 Nf8 18. Be4 d5 19. Bd3 Bd6 20. Rxc8 Qxc8 21. Qxb6
Bc7 22. Qb3 Nd7 23. Rc1 Qb8 24. Qa4 Nb6 25. Qb4 Rc8 26. Rc3 Bd8 27. Ne5 Rxc3 28.
Qxc3 Qd6 29. f4 Qc7 30. Qc5 Na4 31. Qxc7 Bxc7 32. b4 a5 33. a3 axb4 34. axb4 Bd6
35. b5 f6 36. Nc6 f5 37. Ne5 Nb6 38. Kf2 Bc8 39. Nf1 g5 40. Nd2 Kg7 41. Nb3 Na4
42. Ke2 g4 43. Kd2 h5 44. Be2 Kf6 45. h3 Ke7 46. Nd3 Nb6 47. Ndc5 Bc7 48. Na5
Nd7 49. Nc6+ Kd6 50. Na7 Nb6 51. hxg4 hxg4 52. Kc3 Bd7 53. Nb7+ Ke7 54. Kb4 g3
55. Nc6+ Bxc6 56. bxc6 Nc8 57. Bd3 Na7 58. Bb5 Nc8 59. Nc5 Nd6 60. Bd3 Nc8 61.
Kb3 Kd6 1/2-1/2

[Event "32nd ECC Open 2016"]
[Site "Novi Sad SRB"]
[Date "2016.11.10"]
[Round "5.19"]
[Board "5"]
[White "Velickovic, Sasa"]
[Black "Olkhovskiy, Alexander"]
[Result "1-0"]
[WhiteTitle "IM"]
[WhiteElo "2312"]
[BlackElo "2095"]
[WhiteTeam "Crvena Zvezda"]
[BlackTeam "Ezerelio Vaivorykste"]
[WhiteFideId "900869"]
[BlackFideId "34188611"]
[EventDate "2016.11.06"]

1. e4 Nf6 2. e5 Nd5 3. d4 d6 4. Nf3 Bg4 5. exd6 exd6 6. Be2 Be7 7. h3 Bh5 8. O-O
O-O 9. c4 Nb6 10. Nc3 Nc6 11. b3 h6 12. Be3 d5 13. c5 Nc8 14. b4 a6 15. Qb3 Bf6
16. Nxd5 Bxd4 17. Nxd4 Nxd4 18. Bxd4 Bxe2 19. Rfe1 c6 20. Qg3 f6 21. Nc7 Qxd4
22. Ne6 Qd7 23. Nxf8 Kxf8 24. Rxe2 Ne7 25. Rae1 Nd5 26. a3 Rd8 27. Re6 Kf7 28.
Rd6 Qc7 29. Rxd8 Qxd8 30. Qg4 Nc7 31. h4 Kf8 32. h5 Kf7 33. g3 Kf8 34. a4 Nd5
35. Qe6 Qa8 36. Qd6+ Kg8 37. Qd7 1-0

[Event "32nd ECC Open 2016"]
[Site "Novi Sad SRB"]
[Date "2016.11.10"]
[Round "5.19"]
[Board "6"]
[White "Razuvajeva, Juli"]
[Black "Vujacic, Borivoje"]
[Result "0-1"]
[WhiteTitle "WIM"]
[BlackTitle "FM"]
[WhiteElo "2182"]
[BlackElo "2240"]
[WhiteTeam "Ezerelio Vaivorykste"]
[BlackTeam "Crvena Zvezda"]
[WhiteFideId "4119878"]
[BlackFideId "903000"]
[EventDate "2016.11.06"]

1. d4 Nf6 2. Nf3 g6 3. g3 Bg7 4. Bg2 d5 5. O-O O-O 6. c4 dxc4 7. Na3 c3 8. bxc3
c5 9. Ne5 Nd5 10. Bb2 Nc6 11. Nxc6 bxc6 12. e4 Nb6 13. e5 Rb8 14. Bxc6 Ba6 15.
Re1 Nd5 16. dxc5 Rxb2 17. Bxd5 Qa5 18. Nc4 Bxc4 19. Bxc4 Qxc5 20. Qd4 Rc8 21.
Bb3 e6 22. Rad1 Qxc3 23. Qxc3 Rxc3 24. Rd8+ Bf8 25. Red1 Rf3 26. R1d2 Rxd2 27.
Rxd2 Bb4 28. Re2 Rd3 29. Kg2 g5 30. Re4 Bc5 31. Re2 Kg7 32. h3 a5 33. Rc2 Bd4
34. Re2 h5 35. g4 h4 36. Ba4 Rc3 37. Rc2 Ra3 38. Bc6 Bxe5 39. f3 Rd3 40. Be4 Rd4
41. Re2 a4 42. Bc6 Kf6 43. Be4 a3 44. Bc2 Rb4 45. Bb3 Rxb3 46. axb3 Bb2 0-1

[Event "32nd ECC Open 2016"]
[Site "Novi Sad SRB"]
[Date "2016.11.10"]
[Round "5.20"]
[Board "1"]
[White "Karttunen, Mika"]
[Black "Korsunsky, Yuri"]
[Result "1/2-1/2"]
[WhiteTitle "IM"]
[BlackTitle "IM"]
[WhiteElo "2452"]
[BlackElo "2411"]
[WhiteTeam "Tammer-Shakki"]
[BlackTeam "Perfect"]
[WhiteFideId "502081"]
[BlackFideId "14102722"]
[EventDate "2016.11.06"]

1. e4 d6 2. d4 Nf6 3. Nc3 g6 4. Be3 a6 5. f3 b5 6. Qd2 h5 7. Nd1 Bg7 8. a4 bxa4
9. Nc3 Nbd7 10. Nxa4 a5 11. Bd3 c6 12. Ne2 Qc7 13. O-O O-O 14. Ra3 Ba6 15. Rfa1
Rfb8 16. Bxa6 Rxa6 17. b3 e5 18. Nb2 d5 19. Rxa5 Rxa5 20. Qxa5 Qxa5 21. Rxa5
dxe4 22. dxe5 exf3 23. gxf3 Nd5 24. Ba7 Ra8 25. c4 Ne7 26. b4 Nxe5 27. f4 Nf3+
28. Kg2 Nh4+ 29. Kh3 Bxb2 30. Kxh4 Nf5+ 31. Kh3 Re8 32. Ng3 Nd6 33. Ra6 Nxc4 34.
Rxc6 Na3 35. Bc5 Re6 36. Rc8+ Kh7 37. b5 Nxb5 38. Rb8 Bc1 39. f5 Re5 40. fxg6+
Kxg6 41. Rxb5 f6 42. Ra5 h4 43. Nh1 Rd5 44. Bb6 Rd3+ 45. Kg2 h3+ 46. Kf2 Bf4 47.
Ke2 Rb3 48. Bd4 Bxh2 49. Ra6 Bf4 50. Rxf6+ Kg5 51. Nf2 h2 52. Rf8 Bc7 53. Rg8+
Kf5 54. Rf8+ Kg5 55. Ne4+ Kg6 56. Rf1 Rb4 57. Kd3 Rb3+ 58. Kc4 Rf3 59. Rh1 Kf5
60. Kd5 Kg4 61. Rd1 Bf4 62. Nf2+ Kg3 63. Ke4 Rxf2 64. Bxf2+ Kg2 65. Kxf4 h1=Q
66. Rxh1 Kxh1 1/2-1/2

[Event "32nd ECC Open 2016"]
[Site "Novi Sad SRB"]
[Date "2016.11.10"]
[Round "5.20"]
[Board "2"]
[White "Gluhovsky, Mark"]
[Black "Pohjala, Henri"]
[Result "0-1"]
[BlackTitle "FM"]
[WhiteElo "2282"]
[BlackElo "2377"]
[WhiteTeam "Perfect"]
[BlackTeam "Tammer-Shakki"]
[WhiteFideId "24165514"]
[BlackFideId "506478"]
[EventDate "2016.11.06"]

1. e4 d5 2. exd5 Qxd5 3. Nc3 Qd8 4. d4 Nf6 5. Bf4 a6 6. Nf3 e6 7. Bg5 b5 8. Bd3
c5 9. O-O cxd4 10. Nxd4 Be7 11. Qf3 Ra7 12. Rad1 Rd7 13. Be3 Bb7 14. Qh3 O-O 15.
Nf3 b4 16. Na4 Qa5 17. Nb6 Rdd8 18. Ng5 h6 19. Nxe6 fxe6 20. Qxe6+ Kh8 21. Qxe7
Bxg2 22. Kxg2 Qh5 23. Qc7 Ng4 24. Qg3 Ne5 25. Nc4 Nxc4 26. Rde1 Nxe3+ 27. Rxe3
Qd5+ 28. Be4 Qxa2 29. Rb3 Rf6 30. Rxb4 Qe6 31. f3 Nd7 32. Rd1 Rdf8 33. Rbd4 Nc5
34. Rd6 Qc8 35. Rxf6 Rxf6 36. Qe5 Nxe4 37. Qxe4 Re6 38. Qd3 Qc5 39. Rd2 Qh5 40.
Rf2 Qg5+ 41. Kh1 Qc1+ 42. Rf1 Qxb2 43. Qd8+ Kh7 44. Qd3+ Rg6 45. Qe4 Qb6 46. c4
a5 47. h4 h5 48. Qf5 Qd8 49. Qe4 Qd7 0-1

[Event "32nd ECC Open 2016"]
[Site "Novi Sad SRB"]
[Date "2016.11.10"]
[Round "5.20"]
[Board "3"]
[White "Ahvenjarvi, Jani"]
[Black "Slavin, Gennadie"]
[Result "1/2-1/2"]
[WhiteTitle "FM"]
[WhiteElo "2333"]
[BlackElo "2300"]
[WhiteTeam "Tammer-Shakki"]
[BlackTeam "Perfect"]
[WhiteFideId "507571"]
[BlackFideId "4104870"]
[EventDate "2016.11.06"]

1. e4 e6 2. d4 d5 3. Nd2 Nf6 4. e5 Ne4 5. Bd3 Nxd2 6. Bxd2 c5 7. dxc5 Nd7 8. Nf3
Nxc5 9. O-O Be7 10. Nd4 Nxd3 11. cxd3 O-O 12. Qg4 f5 13. Qf4 Bd7 14. Rfc1 Qb6
15. Nb3 Rfc8 16. Qd4 Qxd4 17. Nxd4 Rxc1+ 18. Rxc1 Rc8 19. Rxc8+ Bxc8 20. a3 Bd7
21. Bb4 Bd8 22. Bc5 a6 23. g3 Kf7 24. Kf1 g5 25. Nc2 g4 26. Ke2 Bc7 27. Bd4 Bd8
28. Bc5 Bc7 29. Bd4 Bd8 30. Bc5 1/2-1/2

[Event "32nd ECC Open 2016"]
[Site "Novi Sad SRB"]
[Date "2016.11.10"]
[Round "5.20"]
[Board "4"]
[White "Alekseev, Andrey"]
[Black "Kytoniemi, Jyrki"]
[Result "1-0"]
[WhiteTitle "IM"]
[BlackTitle "FM"]
[WhiteElo "2337"]
[BlackElo "2218"]
[WhiteTeam "Perfect"]
[BlackTeam "Tammer-Shakki"]
[WhiteFideId "4106873"]
[BlackFideId "501425"]
[EventDate "2016.11.06"]

1. d4 e6 2. Nf3 Nf6 3. e3 c5 4. Bd3 b6 5. O-O Bb7 6. Nbd2 cxd4 7. exd4 Be7 8.
Qe2 O-O 9. Ne4 Bxe4 10. Bxe4 Nxe4 11. Qxe4 d5 12. Qe2 Nd7 13. Bf4 Qc8 14. Rfd1
Qc4 15. Rd3 Rac8 16. c3 Rfe8 17. Ne5 Nxe5 18. Bxe5 f6 19. Bg3 Bf8 20. h4 b5 21.
a3 a5 22. h5 Kf7 23. Qc2 g6 24. Bh4 f5 25. Qd2 Bg7 26. Re1 Rg8 27. Qg5 Rce8 28.
Rg3 Bh8 29. Qh6 Rg7 30. Bg5 Qc6 31. Bf4 gxh5 32. Ree3 Reg8 33. Bg5 Rg6 34. Qxh7+
Bg7 35. Bf4 Rg4 36. Qxh5+ Kf8 37. Rxg4 fxg4 38. Qxg4 Kf7 39. Qh5+ Ke7 40. Bg5+
Kd6 41. Rxe6+ Kxe6 42. Qg6+ Kd7 43. Qf7+ 1-0

[Event "32nd ECC Open 2016"]
[Site "Novi Sad SRB"]
[Date "2016.11.10"]
[Round "5.20"]
[Board "6"]
[White "Pleshkov, Mikhail"]
[Black "Iivonen, Markku"]
[Result "1-0"]
[WhiteElo "1888"]
[BlackElo "2052"]
[WhiteTeam "Perfect"]
[BlackTeam "Tammer-Shakki"]
[WhiteFideId "34106917"]
[BlackFideId "506940"]
[EventDate "2016.11.06"]

1. d4 f5 2. e4 fxe4 3. Nc3 Nf6 4. Bg5 Nc6 5. d5 Ne5 6. Qd4 Nf7 7. Bxf6 exf6 8.
O-O-O Be7 9. Nxe4 O-O 10. g4 d6 11. Ng3 Ne5 12. h3 f5 13. f4 Ng6 14. Nh5 Bf6 15.
Nxf6+ Qxf6 16. g5 Qxd4 17. Rxd4 Re8 18. Ne2 Bd7 19. h4 Re3 20. h5 Nf8 21. Rh3
Rae8 22. Kd2 Rxh3 23. Bxh3 g6 24. h6 b5 25. b4 Bc8 26. Nc3 a6 27. Rd3 Bb7 28.
Bg2 Re7 29. Re3 Rxe3 30. Kxe3 Kf7 31. a4 bxa4 32. Nxa4 Ke7 33. Nb2 Ne6 34. Nc4
Nd8 35. Na5 Bc8 36. c4 Bd7 37. Kd4 Ba4 38. Bf3 Kd7 39. c5 Bb5 40. c6+ Kc8 41.
Nb3 Ba4 42. Nd2 Kb8 43. Be2 Ka7 44. Bd3 Bb5 45. Bxb5 axb5 46. Nb3 Kb6 47. Ke3
Nf7 48. Nd4 Nd8 49. Kd3 1-0

[Event "32nd ECC Open 2016"]
[Site "Novi Sad SRB"]
[Date "2016.11.10"]
[Round "5.21"]
[Board "1"]
[White "Rusev, Rosen Yordanov"]
[Black "Sethuraman, S.P."]
[Result "0-1"]
[WhiteTitle "FM"]
[BlackTitle "GM"]
[WhiteElo "2364"]
[BlackElo "2649"]
[WhiteTeam "Gambit Bonnevoie"]
[BlackTeam "Itaka"]
[WhiteFideId "2904187"]
[BlackFideId "5021596"]
[EventDate "2016.11.06"]

1. d4 Nf6 2. c4 e6 3. g3 d5 4. Bg2 dxc4 5. Nf3 c6 6. O-O b5 7. a4 Bb7 8. Ne5 a6
9. axb5 axb5 10. Rxa8 Bxa8 11. b3 cxb3 12. Qxb3 Qxd4 13. Bb2 Qb6 14. Na3 Bb7 15.
Nec4 Qa6 16. Ra1 bxc4 17. Nxc4 Qb5 18. Qxb5 cxb5 19. Bxb7 bxc4 20. Ra8 Nd7 0-1

[Event "32nd ECC Open 2016"]
[Site "Novi Sad SRB"]
[Date "2016.11.10"]
[Round "5.21"]
[Board "2"]
[White "Indjic, Aleksandar"]
[Black "Dishman, Stephen"]
[Result "1-0"]
[WhiteTitle "GM"]
[WhiteElo "2573"]
[BlackElo "2330"]
[WhiteTeam "Itaka"]
[BlackTeam "Gambit Bonnevoie"]
[WhiteFideId "911925"]
[BlackFideId "403024"]
[EventDate "2016.11.06"]

1. d4 d5 2. c4 c6 3. Nf3 Nf6 4. Nc3 dxc4 5. a4 Bf5 6. Nh4 Bc8 7. Nf3 Bf5 8. Ne5
Nbd7 9. Nxc4 Qc7 10. g3 e5 11. dxe5 Nxe5 12. Bf4 Nfd7 13. a5 a6 14. Bg2 f6 15.
O-O g5 16. Bxe5 Nxe5 17. Nxe5 fxe5 18. e3 Qd6 19. Qa4 Be7 20. Rfd1 Qb4 21. Qa2
Bc2 22. Qe6 Bxd1 23. Rxd1 Rd8 24. Rxd8+ Kxd8 25. Bh3 g4 26. Bxg4 Kc7 27. Qxe5+
Bd6 28. Qg7+ Be7 29. Qxh8 Qxg4 30. Qxh7 Kd8 31. h4 Qb4 32. h5 Qxb2 33. Qh8+ Kd7
34. Qd4+ Kc8 35. h6 Qc2 36. Qg7 1-0

[Event "32nd ECC Open 2016"]
[Site "Novi Sad SRB"]
[Date "2016.11.10"]
[Round "5.21"]
[Board "3"]
[White "Filipovic, Slobodan J"]
[Black "Vuckovic, Bojan"]
[Result "0-1"]
[BlackTitle "GM"]
[WhiteElo "2263"]
[BlackElo "2584"]
[WhiteTeam "Gambit Bonnevoie"]
[BlackTeam "Itaka"]
[WhiteFideId "939633"]
[BlackFideId "922277"]
[EventDate "2016.11.06"]

1. c4 Nf6 2. Nc3 c5 3. Nf3 Nc6 4. g3 g6 5. Bg2 Bg7 6. d4 cxd4 7. Nxd4 O-O 8. Nc2
d6 9. O-O Qa5 10. Nb5 Bd7 11. Bd2 Qd8 12. Bc3 Rc8 13. Qd2 a6 14. Nbd4 Ne5 15. b3
Qc7 16. Rfc1 d5 17. Ba5 b6 18. Bb4 dxc4 19. Ne3 b5 20. Bxe7 Rfe8 21. Bxf6 Bxf6
22. Nd5 Qd8 23. Nxf6+ Qxf6 24. Qf4 Kg7 25. Bb7 Rb8 26. Qxf6+ Kxf6 27. Bd5 Rec8
28. f4 Ng4 29. bxc4 bxc4 30. Rc3 Rc5 31. Bf3 Ke7 32. Rac1 Rb2 33. Bxg4 Bxg4 34.
Rxc4 Rxc4 35. Rxc4 Rxa2 36. Rc7+ Bd7 37. Ra7 Kd6 38. Kf2 a5 39. Ra6+ Kd5 40. Nb3
a4 41. Nc1 Ra1 42. Nd3 Be6 43. Ke3 a3 44. Kd2 a2 0-1

[Event "32nd ECC Open 2016"]
[Site "Novi Sad SRB"]
[Date "2016.11.10"]
[Round "5.21"]
[Board "4"]
[White "Szuhanek, Ranko"]
[Black "Bednarich, Jan"]
[Result "1-0"]
[WhiteTitle "IM"]
[BlackTitle "FM"]
[WhiteElo "2496"]
[BlackElo "2246"]
[WhiteTeam "Itaka"]
[BlackTeam "Gambit Bonnevoie"]
[WhiteFideId "1202600"]
[BlackFideId "806730"]
[EventDate "2016.11.06"]

1. Nf3 Nf6 2. c4 Nc6 3. Nc3 e6 4. a3 g6 5. d4 d6 6. e4 Bg7 7. Be2 O-O 8. O-O Re8
9. Be3 e5 10. dxe5 Nxe5 11. Nxe5 Rxe5 12. f3 Bd7 13. Qd2 a6 14. Rac1 Bc6 15.
Rfe1 Rc8 16. b4 Nh5 17. b5 Bd7 18. f4 Re6 19. Bxh5 gxh5 20. f5 Re5 21. a4 Qh4
22. Bg5 Qg4 23. h3 Qg3 24. Bf4 Qh4 25. Bg5 Qg3 26. Rf1 Rc5 27. Bf4 Qh4 28. Nd5
Re8 29. f6 Bf8 30. Rc3 Rxe4 31. Bg3 Rd4 32. Bxh4 Rxd2 33. Rg3+ Kh8 34. Ne7 h6
35. Rg8+ Kh7 36. Rxf8 Be6 37. Nd5 Rxc4 38. Nf4 Rcc2 39. Be1 Re2 40. Nxe2 Rxe2 1-0

[Event "32nd ECC Open 2016"]
[Site "Novi Sad SRB"]
[Date "2016.11.10"]
[Round "5.21"]
[Board "5"]
[White "Visintin, Roberto"]
[Black "Vucinic, Gojko"]
[Result "0-1"]
[WhiteElo "2058"]
[BlackElo "2426"]
[WhiteTeam "Gambit Bonnevoie"]
[BlackTeam "Itaka"]
[WhiteFideId "807613"]
[BlackFideId "945374"]
[EventDate "2016.11.06"]

1. e4 c5 2. Nf3 d6 3. Bb5+ Nd7 4. c3 Nf6 5. Qe2 a6 6. Bd3 e5 7. O-O b5 8. Bc2
Bb7 9. Rd1 Qc7 10. d3 Be7 11. Nbd2 O-O 12. Nf1 Rfe8 13. Ng3 Bf8 14. c4 g6 15. h3
Bg7 16. Be3 Nf8 17. Qd2 Ne6 18. Rdb1 Nd7 19. Nh2 Rf8 20. Bb3 b4 21. Ne2 f5 22.
f3 Nf6 23. g4 Bc8 24. a3 a5 25. axb4 axb4 26. Rd1 Bd7 27. Rdb1 h5 28. Bh6 Rxa1
29. Rxa1 fxg4 30. fxg4 hxg4 31. hxg4 Nf4 32. Bxg7 Kxg7 33. Nxf4 exf4 34. Bd1 Nh7
35. Qg2 Qd8 36. Ra7 Rf7 37. Ba4 Bxa4 38. Rxa4 f3 39. Nxf3 Qf6 40. Ne1 Qd4+ 41.
Kh2 Qe3 42. Ra1 Rf2 43. Ra7+ Kg8 44. Ra8+ Nf8 0-1

[Event "32nd ECC Open 2016"]
[Site "Novi Sad SRB"]
[Date "2016.11.10"]
[Round "5.21"]
[Board "6"]
[White "Sarenac, Ivan"]
[Black "Stern, Geoffrey"]
[Result "1-0"]
[WhiteTitle "IM"]
[WhiteElo "2414"]
[BlackElo "1921"]
[WhiteTeam "Itaka"]
[BlackTeam "Gambit Bonnevoie"]
[WhiteFideId "938165"]
[BlackFideId "4002679"]
[EventDate "2016.11.06"]

1. e4 e6 2. d4 d5 3. Nc3 dxe4 4. Nxe4 Nd7 5. c4 Ngf6 6. Nc3 c5 7. Nf3 cxd4 8.
Nxd4 Bc5 9. Nb3 Be7 10. Be3 O-O 11. Be2 b6 12. O-O Bb7 13. Qc2 a6 14. Bf4 e5 15.
Bg3 Qc7 16. Rfe1 Rfe8 17. Rad1 Rac8 18. Nd4 Ba8 19. Nf5 Bf8 20. Qd2 Nc5 21. Nd5
Nxd5 22. cxd5 Ne4 23. Qe3 Nxg3 24. Qxg3 g6 25. d6 Qd7 26. Bg4 Kh8 27. Ne7 f5 28.
Bxf5 1-0

[Event "32nd ECC Open 2016"]
[Site "Novi Sad SRB"]
[Date "2016.11.10"]
[Round "5.22"]
[Board "1"]
[White "Martinovic, Sasa"]
[Black "Noe, Christopher"]
[Result "1/2-1/2"]
[WhiteTitle "GM"]
[BlackTitle "IM"]
[WhiteElo "2560"]
[BlackElo "2422"]
[WhiteTeam "SK Modra"]
[BlackTeam "De Sprenger Echternach"]
[WhiteFideId "14509792"]
[BlackFideId "24692018"]
[EventDate "2016.11.06"]

1. d4 Nf6 2. c4 e6 3. Nc3 Bb4 4. g3 O-O 5. Bg2 c5 6. Nf3 cxd4 7. Nxd4 Nc6 8. O-O
Qe7 9. Nc2 Bxc3 10. bxc3 Rd8 11. Ba3 d6 12. Ne3 Qc7 13. Qa4 Bd7 14. Rfd1 Ne5 15.
Qb4 Bc6 16. Rxd6 Bxg2 17. Kxg2 Nc6 18. Rxd8+ Rxd8 19. Qb3 Na5 20. Qb4 Nc6 21.
Qb3 Na5 22. Qa4 Ne4 23. Rd1 Nc6 24. Rxd8+ Qxd8 25. Qc2 f5 26. f3 Qd2 27. Qxd2
Nxd2 28. Bc1 Nb1 29. Nd1 Ne5 30. c5 Nd7 31. Be3 Na3 32. Nb2 Ne5 33. Bd4 Nc6 34.
f4 Nxd4 35. cxd4 Nc2 36. Kf3 Nxd4+ 37. Ke3 Nc6 38. Nc4 Kf8 39. Nd6 b6 40. cxb6
axb6 41. a4 Na7 42. Kd4 Ke7 43. Nc4 b5 44. axb5 1/2-1/2